| 000 | 00855nam a22001337a 4500 | ||
|---|---|---|---|
| 040 | _cRUA | ||
| 082 | _aAVM PRA 2010 B094 Or.1 | ||
| 100 | _aPRAK, SEYHA. | ||
| 245 | _aEffect of fresh water spinach and shrimp by product supplemented to c.p concentrate on growh of avian at royal university of agriculturr, ឥទ្ធិពលនៃការបន្ថែមត្រកួនស្រស់ និងអនុផលបង្គាលើចំនិក្រុមហ៊ុន ស៊ី.ភី ទៅលើការលូតលាស់របស់មាន់សាច់ AVIAN នៅសាកលវិទ្យាល័យភូមិន្ទកសិកម្ម | ||
| 260 |
_aPhnom Penh _bRUA _c2010 |
||
| 300 |
_ax; 36p. _bill. _c29cm. |
||
| 856 | _uhttps://drive.google.com/file/d/18T0YEr_6iXYVbPcTmfrtzsdgk6ptx6ED/view?usp=sharing | ||
| 942 | _cAVM | ||
| 999 |
_c2396 _d2396 |
||